| 000 | 00593nam a2200217Ia 4500 | ||
|---|---|---|---|
| 003 | GCL | ||
| 008 | 140319s9999 xx 000 0 ara d | ||
| 040 |
_aGCL / _cGCL |
||
| 082 | 0 | 4 |
_a362.611 _bا ت |
| 100 | 1 | _aاسماعيل شرف | |
| 245 | 1 | 0 |
_aتاهيل المعوقين / _cاسماعيل شرف |
| 260 |
_a[S.N] : _bالمكتب الجامعى الحديث ، _c1982 |
||
| 300 | _a136 | ||
| 490 | _a | ||
| 650 | 0 | 4 | _aالاجتماع |
| 650 | 0 | 4 | _aالبكم |
| 650 | 0 | 4 | _aالصم |
| 650 | 0 | 4 | _aالرعاية والعلاج |
| 650 | 0 | 4 | _aالمعوقون |
| 942 |
_2ddc _cBK |
||
| 999 |
_c55146 _d55146 |
||